Central Library OPAC University of Rajshahi

The "isms" : (Record no. 58655)

MARC details
000 -LEADER
fixed length control field 00815nam a2200289 a 4500
001 - CONTROL NUMBER
control field 58655
003 - CONTROL NUMBER IDENTIFIER
rucl marc code BD-RjUL
005 - DATE AND TIME OF LATEST TRANSACTION
control field 20211209080638.0
008 - FIXED-LENGTH DATA ELEMENTS--GENERAL INFORMATION
fixed length control field 731120s1954 nyu 000 0 eng
035 ## - SYSTEM CONTROL NUMBER
System control number (BD-RjUL)58779
System control number (OCoLC)00745548
System control number GLIS00137153
040 ## - CATALOGING SOURCE
Original cataloging agency DLC
Transcribing agency YNG
Modifying agency MYG
Language of cataloging eng
041 ## - LANGUAGE CODE
Language code of text/sound track or separate title eng
082 ## - DEWEY DECIMAL CLASSIFICATION NUMBER
Classification number 330.15
Author mark and year GOI 1954
090 ## - LOCALLY ASSIGNED LC-TYPE CALL NUMBER (OCLC); LOCAL CALL NUMBER (OCLC)
Classification number (OCLC) (R) ; Classification number, CALL (RLIN) (NR) HB87
Local cutter number (OCLC) ; Book number/undivided call number, CALL (RLIN) .G627
099 ## - LOCAL FREE-TEXT CALL NUMBER (OCLC)
Bangla Class number HB87.G627
100 1# - MAIN ENTRY--PERSONAL NAME
Personal name Golob, Eugene O.
Fuller form of name (Eugene Owen),
Dates associated with a name 1915-
9 (RLIN) 174332
245 15 - TITLE STATEMENT
Title The "isms" :
Remainder of title a history and evaluation /
Statement of responsibility, etc. Eugene O. Golob
260 ## - PUBLICATION, DISTRIBUTION, ETC. (IMPRINT)
Place of publication, distribution, etc. New York :
Name of publisher, distributor, etc. Harper,
Date of publication, distribution, etc. c1954
300 ## - PHYSICAL DESCRIPTION
Pagination 681 p. ;
Size 22 cm.
650 #0 - SUBJECT ADDED ENTRY--TOPICAL TERM
Topical term or geographic name as entry element Economics
General subdivision History.
9 (RLIN) 172699
Topical term or geographic name as entry element Economic policy.
9 (RLIN) 170308
Topical term or geographic name as entry element Social policy.
9 (RLIN) 170684
Topical term or geographic name as entry element Socialism
General subdivision History.
9 (RLIN) 174333
942 ## - ADDED ENTRY ELEMENTS (KOHA)
Source of classification or shelving scheme Dewey Decimal Classification
Koha item type Books
Holdings
Lost status Source of classification or shelving scheme Damaged status Not for loan Collection code Permanent Location Current Location Shelving location Date acquired Source of acquisition Total Checkouts Full call number Date last seen Copy number Koha item type
  Dewey Decimal Classification   Not For Loan Non-fiction Central Library, University of Rajshahi Central Library, University of Rajshahi Reading Room 26/09/1956 U.S.I.S.   330.15 GOI 1954 19/12/2016 C-1 Books